[Event "XLIV Festival A"]
[Site "Imperia ITA"]
[Date "2002.09.01"]
[Round "1"]
[White "Isonzo, David"]
[Black "Cirabisi, Federico"]
[WhiteElo "2337"]
[BlackElo "2132"]
[Result "1-0"]
[PlyCount "51"]
[EventDate "2002.09.01"]

1. e4 Nf6 2. e5 Nd5 3. d4 d6 4. Nf3 Bg4 5. Be2 c6 6. O-O Bxf3 7. Bxf3 dxe5 8.
dxe5 e6 9. c4 Ne7 10. Qe2 Ng6 11. b3 Nd7 12. Bb2 Qg5 13. Re1 Bc5 14. Kh1 O-O
15. Nc3 Nf4 16. Ne4 Qh6 17. Qc2 f5 18. exf6 gxf6 19. Rad1 Be7 20. Qc1 e5 21.
Ba3 Qg7 22. Bxe7 Qxe7 23. Nd6 Rab8 24. Nxb7 Rxb7 25. Qxf4 Nc5 26. Qe3 1-0

[Event "XLIV Festival A"]
[Site "Imperia ITA"]
[Date "2002.09.01"]
[Round "1"]
[White "Korenek, Frantisek"]
[Black "Mozny, Milos"]
[WhiteElo "2142"]
[BlackElo "2394"]
[Result "0-1"]
[PlyCount "60"]
[EventDate "2002.09.01"]

1. c4 e5 2. Nc3 Nf6 3. e3 c6 4. d4 exd4 5. exd4 d5 6. Nf3 Be7 7. cxd5 Nxd5 8.
Bd3 Be6 9. O-O O-O 10. Ne4 Bg4 11. a3 Nd7 12. Ng3 f5 13. h3 f4 14. hxg4 fxg3
15. fxg3 Qc7 16. Qe1 Rae8 17. Qe6+ Kh8 18. g5 Nc5 19. Qh3 Nxd3 20. g6 Nf6 21.
Bg5 Bd6 22. Nd2 Kg8 23. Rf3 Ne1 24. gxh7+ Nxh7 25. Rxf8+ Nxf8 26. Nc4 Nc2 27.
Rf1 Nxd4 28. Nxd6 Qxd6 29. Bf4 Ne2+ 30. Kh2 Qg6 0-1

[Event "XLIV Festival A"]
[Site "Imperia ITA"]
[Date "2002.09.01"]
[Round "1"]
[White "Krouzel, Jaroslav"]
[Black "Malano, Francesco"]
[WhiteElo "2220"]
[BlackElo "2062"]
[Result "1-0"]
[PlyCount "65"]
[EventDate "2002.09.01"]

1. d4 d5 2. Nf3 Nf6 3. e3 Bg4 4. c4 e6 5. Qb3 Qc8 6. Ne5 Bf5 7. Be2 Be7 8. O-O
O-O 9. Nc3 c6 10. Bd2 Nbd7 11. Rac1 Nxe5 12. dxe5 Ne4 13. Nxe4 Bxe4 14. f3 Bg6
15. cxd5 exd5 16. f4 Be4 17. Bf3 Bxf3 18. Rxf3 f6 19. e4 Rd8 20. Rd3 Qd7 21.
exd5 cxd5 22. Ba5 b6 23. Rcd1 Bc5+ 24. Kh1 Qf7 25. Bc3 d4 26. e6 Qc7 27. Bxd4
Bxd4 28. Rxd4 Kf8 29. h3 g6 30. Rd7 Rxd7 31. Rxd7 Qc5 32. Qd1 Qf5 33. e7+ 1-0

[Event "XLIV Festival A"]
[Site "Imperia ITA"]
[Date "2002.09.01"]
[Round "1"]
[White "Massa, Giovanni"]
[Black "Kljako, Damir"]
[WhiteElo "2096"]
[BlackElo "2263"]
[Result "1/2-1/2"]
[PlyCount "44"]
[EventDate "2002.09.01"]

1. e4 g6 2. d4 Bg7 3. Nc3 d6 4. Nf3 c6 5. a4 a5 6. h3 Qc7 7. Be3 Nf6 8. Be2 O-O
9. O-O e5 10. dxe5 dxe5 11. Bc4 Na6 12. Qe2 Nd7 13. Nd2 Ndc5 14. Rfd1 Re8 15.
f3 Bf8 16. Qf2 b6 17. Nb3 Rb8 18. Rd2 Nxb3 19. Bxb3 Bc5 20. Bc4 Bxe3 21. Qxe3
Nc5 22. Rad1 Kg7 1/2-1/2

[Event "XLIV Festival A"]
[Site "Imperia ITA"]
[Date "2002.09.01"]
[Round "1"]
[White "Pesout, Jan"]
[Black "Feistenauer, Harald"]
[WhiteElo "2277"]
[BlackElo "2103"]
[Result "1/2-1/2"]
[PlyCount "34"]
[EventDate "2002.09.01"]

1. Nf3 g6 2. c4 c5 3. Nc3 Nc6 4. g3 Bg7 5. Bg2 d6 6. O-O a6 7. e3 e5 8. d3 Nge7
9. a3 Rb8 10. Rb1 b5 11. cxb5 axb5 12. b4 cxb4 13. axb4 d5 14. e4 d4 15. Nd5
O-O 16. Nxe7+ Qxe7 17. Nd2 Bd7 1/2-1/2

[Event "XLIV Festival A"]
[Site "Imperia ITA"]
[Date "2002.09.01"]
[Round "1"]
[White "Pienabarca, Nicola"]
[Black "Kozak, Milos"]
[WhiteElo "2062"]
[BlackElo "2215"]
[Result "0-1"]
[PlyCount "62"]
[EventDate "2002.09.01"]

1. d4 d5 2. Nf3 Nf6 3. g3 Bf5 4. c4 e6 5. Bg2 c6 6. Qb3 Qb6 7. Nbd2 Nbd7 8. c5
Qc7 9. Nh4 Bg4 10. e4 dxe4 11. Nxe4 Nxe4 12. Bxe4 Be7 13. Nf3 Nf6 14. Qc2 Nxe4
15. Qxe4 Bxf3 16. Qxf3 Bf6 17. Bf4 Qa5+ 18. Qc3 Qa4 19. b4 a5 20. Rb1 Qxa2 21.
O-O a4 22. Be5 Qd5 23. Bxf6 gxf6 24. b5 O-O 25. bxc6 bxc6 26. h4 a3 27. Ra1 a2
28. Qd2 Ra7 29. Qf4 Kg7 30. Qg4+ Kh8 31. Qf4 Qd8 0-1

[Event "XLIV Festival A"]
[Site "Imperia ITA"]
[Date "2002.09.01"]
[Round "1"]
[White "Reitinger, Petr"]
[Black "Poloch, Petr"]
[WhiteElo "2115"]
[BlackElo "2292"]
[Result "1-0"]
[PlyCount "33"]
[EventDate "2002.09.01"]

1. e4 c5 2. d4 cxd4 3. c3 dxc3 4. Nxc3 Nc6 5. Nf3 d6 6. Bc4 Nf6 7. O-O e6 8.
Qe2 a6 9. Rd1 Qc7 10. Bf4 Ne5 11. Bxe5 dxe5 12. Rac1 Bd7 13. Bxe6 fxe6 14. Nd5
Qd8 15. Nc7+ Ke7 16. Nxe5 Rc8 17. Qc4 1-0

[Event "XLIV Festival A"]
[Site "Imperia ITA"]
[Date "2002.09.01"]
[Round "1"]
[White "Riccio, Eros"]
[Black "Machalek, Bedrich"]
[WhiteElo "2199"]
[BlackElo "2032"]
[Result "1-0"]
[PlyCount "83"]
[EventDate "2002.09.01"]

1. e4 c5 2. Nf3 e6 3. d4 cxd4 4. Nxd4 a6 5. Nc3 Qc7 6. Be2 Bb4 7. Bd2 Nf6 8.
Bf3 Nc6 9. Nxc6 dxc6 10. O-O Bd7 11. Nb5 axb5 12. Bxb4 c5 13. Bd2 Bc6 14. Qe2
e5 15. Bg5 Nd7 16. Bg4 h6 17. Bh4 g5 18. Bg3 Nf6 19. Bf5 h5 20. h4 g4 21. f4
gxf3 22. Rxf3 Qe7 23. Raf1 Rg8 24. Qf2 Bxe4 25. Re3 Ng4 26. Bxg4 Rxg4 27. Qe2
f6 28. Rxe4 Rxg3 29. Qxh5+ Kd7 30. Qf5+ Kd6 31. Re2 Rxa2 32. Rd2+ Kc6 33. Rfd1
Kb6 34. Rd7 Qe8 35. R1d6+ Ka5 36. Rd8 Qf7 37. Qf2 Rg8 38. R8d7 Qc4 39. Rxb7
Rxb2 40. Qe1+ b4 41. Qa1+ Ra2 42. Qxa2+ 1-0

[Event "XLIV Festival A"]
[Site "Imperia ITA"]
[Date "2002.09.01"]
[Round "1"]
[White "Wagman, Stuart"]
[Black "Sulava, Nenad"]
[WhiteElo "2150"]
[BlackElo "2556"]
[Result "1-0"]
[PlyCount "57"]
[EventDate "2002.09.01"]

1. e4 d5 2. exd5 Qxd5 3. Nc3 Qd6 4. d4 Nf6 5. Nf3 a6 6. Bg5 Nbd7 7. Qd2 b5 8.
Bf4 Qb6 9. Be2 Bb7 10. O-O e6 11. Ne5 Rd8 12. Qe3 c5 13. dxc5 Bxc5 14. Qg3 Nxe5
15. Bxe5 Bd6 16. Rad1 Bxe5 17. Rxd8+ Qxd8 18. Qxe5 O-O 19. Rd1 Qa8 20. Bf1 Rc8
21. Rd4 Bc6 22. a4 bxa4 23. Nxa4 Bxa4 24. Rxa4 Rxc2 25. Rxa6 Qc8 26. Ra3 Rxf2
27. Qc7 Rxf1+ 28. Kxf1 Qf8 29. Qc6 1-0

[Event "XLIV Festival A"]
[Site "Imperia ITA"]
[Date "2002.09.01"]
[Round "1"]
[White "Zedek, Alois"]
[Black "Corso, Roberto"]
[WhiteElo "2162"]
[BlackElo "2023"]
[Result "1-0"]
[PlyCount "81"]
[EventDate "2002.09.01"]

1. d4 d5 2. c4 c6 3. Nc3 Nf6 4. Nf3 a6 5. e3 Bg4 6. Qb3 Bxf3 7. gxf3 b5 8. cxd5
cxd5 9. a4 b4 10. Qxb4 e5 11. Qb7 exd4 12. Qxa8 dxc3 13. Bxa6 Bb4 14. Bb5+ Kf8
15. O-O Bd6 16. bxc3 Kg8 17. Ba3 Bc7 18. Rfd1 h5 19. c4 Kh7 20. cxd5 Be5 21.
Rac1 g5 22. d6 Bxh2+ 23. Kxh2 g4 24. f4 g3+ 25. fxg3 h4 26. Bb2 Ng4+ 27. Kg1
Rg8 28. Qe4+ Kh6 29. Qe7 Nxe3 30. Qxd8 Rxd8 31. Bf6 Rg8 32. Bxh4 f6 33. Bxf6
Rxg3+ 34. Kf2 Rh3 35. Rh1 Ng4+ 36. Kg2 Rxh1 37. Rxh1+ Kg6 38. Bd4 Nh6 39. d7
Nxd7 40. Bxd7 Ng4 41. Bxg4 1-0

[Event "XLIV Festival A"]
[Site "Imperia ITA"]
[Date "2002.09.02"]
[Round "2"]
[White "Arata, Roberto Mario"]
[Black "Poloch, Petr"]
[WhiteElo "2145"]
[BlackElo "2292"]
[Result "0-1"]
[PlyCount "108"]
[EventDate "2002.09.01"]

1. d4 Nf6 2. c4 e6 3. Nf3 c5 4. Nc3 cxd4 5. Nxd4 Bb4 6. e3 O-O 7. Bd3 b6 8. O-O
Bb7 9. Bd2 a6 10. a3 Be7 11. e4 d6 12. b4 Nbd7 13. f4 Rc8 14. Rc1 Re8 15. Qe2
Bf8 16. Nb3 g6 17. e5 dxe5 18. fxe5 Nh5 19. Be4 Bxe4 20. Nxe4 Nxe5 21. g4 Nxg4
22. Qxg4 f5 23. Qg2 fxe4 24. Qxe4 Ng7 25. Be3 Nf5 26. Rfd1 Qc7 27. Bf4 e5 28.
Bg5 h6 29. Bd2 Qc6 30. Qg4 h5 31. Qe2 Nd4 32. Nxd4 exd4 33. Qd3 Re4 34. Rf1
Rg4+ 35. Kf2 Rg2+ 36. Ke1 Re8+ 37. Kd1 Ree2 38. Rc2 Bg7 39. Re1 Rxe1+ 40. Bxe1
Rxc2 41. Kxc2 Qg2+ 42. Kb3 Qxh2 43. Qxg6 Qe2 44. Qb1 h4 45. Bxh4 d3 46. Bg5 d2
47. Bxd2 Qxd2 48. Qc2 Qxc2+ 49. Kxc2 Kf7 50. Kb3 Ke6 51. a4 Kd6 52. Ka3 Bc3 53.
Kb3 Be1 54. Ka3 a5 0-1

[Event "XLIV Festival A"]
[Site "Imperia ITA"]
[Date "2002.09.02"]
[Round "2"]
[White "Barberi, Alessandro"]
[Black "Pesout, Jan"]
[WhiteElo "2094"]
[BlackElo "2277"]
[Result "1/2-1/2"]
[PlyCount "70"]
[EventDate "2002.09.01"]

1. d4 Nf6 2. c4 c5 3. d5 e6 4. Nc3 exd5 5. cxd5 d6 6. e4 g6 7. Bd3 Bg7 8. h3
O-O 9. Nf3 Na6 10. Bf4 Nc7 11. a4 Rb8 12. O-O b6 13. Nd2 a6 14. Qe2 Re8 15. Nc4
Bf8 16. Rfd1 b5 17. axb5 axb5 18. Na5 Bd7 19. Nc6 Bxc6 20. dxc6 c4 21. Bxc4
bxc4 22. Qxc4 Re6 23. b4 Nfe8 24. Nd5 Rb5 25. Ra7 Qb8 26. Ra4 Nxd5 27. exd5 Rf6
28. Be3 Nc7 29. Ba7 Qe8 30. Ra5 Rxa5 31. bxa5 Rf5 32. Bb6 Qc8 33. Bxc7 Qxc7 34.
Qb5 Re5 35. Qb7 Qxa5 1/2-1/2

[Event "XLIV Festival A"]
[Site "Imperia ITA"]
[Date "2002.09.02"]
[Round "2"]
[White "Barlocco, Carlo"]
[Black "Pauwels, Rudi"]
[WhiteElo "2136"]
[BlackElo "2001"]
[Result "1-0"]
[PlyCount "39"]
[EventDate "2002.09.01"]

1. c4 e5 2. Nc3 d6 3. g3 f5 4. Bg2 Nf6 5. d4 Be7 6. dxe5 dxe5 7. Qb3 c6 8. Nf3
Qc7 9. O-O Na6 10. a3 Nc5 11. Qc2 a5 12. Be3 Be6 13. b4 axb4 14. axb4 Rxa1 15.
Rxa1 Na6 16. b5 cxb5 17. cxb5 Nb8 18. b6 Qc8 19. Nxe5 Nd5 20. Qa4+ 1-0

[Event "XLIV Festival A"]
[Site "Imperia ITA"]
[Date "2002.09.02"]
[Round "2"]
[White "Birens, Eric-Andre'"]
[Black "Jurek, Josef"]
[WhiteElo "2090"]
[BlackElo "2357"]
[Result "0-1"]
[PlyCount "112"]
[EventDate "2002.09.01"]

1. d4 e6 2. c4 Bb4+ 3. Nc3 c5 4. e3 Nf6 5. Bd3 Nc6 6. Nf3 O-O 7. O-O d5 8. a3
Ba5 9. Rb1 a6 10. cxd5 exd5 11. h3 c4 12. Bc2 Re8 13. Bd2 Qd6 14. b4 cxb3 15.
Bxb3 Bf5 16. Bc2 Bxc2 17. Qxc2 b5 18. Rfc1 Rac8 19. Qa2 Bc7 20. Ne2 Qd7 21. Rc2
Bd6 22. Rbc1 Na7 23. Bb4 Rxc2 24. Rxc2 Nc8 25. Ne5 Bxe5 26. dxe5 Rxe5 27. Qb2
Re4 28. Nd4 Nb6 29. Nb3 Na4 30. Nc5 Nxc5 31. Bxc5 Rc4 32. Rxc4 dxc4 33. Bd4 Ne8
34. Qb4 f6 35. Kf1 Kf7 36. Ke2 Qd6 37. Qb1 h6 38. Qf5 Qe6 39. Qc5 Qd6 40. Qh5+
g6 41. Qxh6 Qxa3 42. f4 Qd3+ 43. Kf2 Qc2+ 44. Kg3 Qe4 45. Bc5 Ng7 46. Kh2 c3
47. Qh8 Qe8 48. Qh4 Qc6 49. Ba3 a5 50. Bc1 b4 51. f5 Nxf5 52. Qh7+ Ng7 53. e4
Qd6+ 54. g3 g5 55. h4 Qd1 56. e5 Qe2+ 0-1

[Event "XLIV Festival A"]
[Site "Imperia ITA"]
[Date "2002.09.02"]
[Round "2"]
[White "Corso, Roberto"]
[Black "Campora Perez, Daniel"]
[WhiteElo "2023"]
[BlackElo "2136"]
[Result "1-0"]
[PlyCount "69"]
[EventDate "2002.09.01"]

1. d4 Nf6 2. c4 e6 3. Nc3 Bb4 4. Bg5 c5 5. d5 h6 6. Bh4 d6 7. f3 Qa5 8. Bxf6
gxf6 9. Qd3 b6 10. Kf2 Bxc3 11. bxc3 e5 12. e3 Ke7 13. Ne2 f5 14. Ng3 Na6 15.
Be2 Nc7 16. Nxf5+ Bxf5 17. Qxf5 Qxc3 18. Rac1 Qa3 19. f4 f6 20. Bg4 Rad8 21.
Rc2 Qa4 22. h3 h5 23. Bf3 a6 24. g4 hxg4 25. Bxg4 b5 26. cxb5 axb5 27. fxe5 Rh6
28. Rxc5 Qa7 29. exd6+ Rxd6 30. Rhc1 Nxd5 31. Qe4+ Kf7 32. Be6+ Rxe6 33. Qxd5
Qb6 34. Rc7+ Kf8 35. Qd8+ 1-0

[Event "XLIV Festival A"]
[Site "Imperia ITA"]
[Date "2002.09.02"]
[Round "2"]
[White "Cugini, Verter"]
[Black "Isonzo, David"]
[WhiteElo "2231"]
[BlackElo "2337"]
[Result "1/2-1/2"]
[PlyCount "97"]
[EventDate "2002.09.01"]

1. e4 c5 2. g3 Nc6 3. Bg2 g6 4. Ne2 Bg7 5. O-O d6 6. d3 e5 7. Nbc3 Nge7 8. Nd5
Nxd5 9. exd5 Ne7 10. Nc3 O-O 11. f4 Nf5 12. fxe5 Bxe5 13. Ne4 Bd4+ 14. Kh1 Ne3
15. Bxe3 Bxe3 16. Nf6+ Kg7 17. c3 Bg5 18. Ne4 Be7 19. d4 f5 20. Nf2 cxd4 21.
Qxd4+ Bf6 22. Qd2 Bd7 23. Nd3 Bg5 24. Nf4 Bxf4 25. Qxf4 Qb6 26. b3 Rae8 27.
Rae1 Rxe1 28. Rxe1 Re8 29. Rxe8 Bxe8 30. h4 h6 31. h5 a6 32. hxg6 Bxg6 33. Qh4
Qe3 34. Kh2 Qe5 35. Qb4 b5 36. a4 Bf7 37. axb5 axb5 38. Qxb5 Qxc3 39. Qd7 Qe5
40. b4 h5 41. Qd8 f4 42. Qh4 fxg3+ 43. Qxg3+ Qxg3+ 44. Kxg3 Kf6 45. b5 Ke7 46.
Kh4 Kd8 47. b6 Kc8 48. Kg5 Kb7 49. Kf6 1/2-1/2

[Event "XLIV Festival A"]
[Site "Imperia ITA"]
[Date "2002.09.02"]
[Round "2"]
[White "Di Paolo, Raffaele"]
[Black "Zedek, Alois"]
[WhiteElo "2319"]
[BlackElo "2162"]
[Result "1/2-1/2"]
[PlyCount "105"]
[EventDate "2002.09.01"]

1. e4 c6 2. c4 d5 3. cxd5 cxd5 4. exd5 Nf6 5. Nc3 Nxd5 6. Nf3 Nc6 7. d4 e6 8.
Bd3 Be7 9. O-O O-O 10. Re1 b6 11. Nxd5 exd5 12. Bxh7+ Kxh7 13. Qc2+ Kg8 14.
Qxc6 Be6 15. Bf4 Rc8 16. Qa4 Bd6 17. Bxd6 Qxd6 18. Rac1 a5 19. Ne5 f6 20. Rc6
Rxc6 21. Qxc6 Qxc6 22. Nxc6 Kf7 23. b4 axb4 24. Nxb4 Rc8 25. Nd3 g5 26. Rc1 Rc4
27. Rxc4 dxc4 28. Nb4 c3 29. Kf1 c2 30. Nxc2 Bxa2 31. Ke2 Bd5 32. f3 Bc4+ 33.
Ke3 Ke6 34. Nb4 Kd6 35. f4 Be6 36. Ke4 Bc8 37. g3 f5+ 38. Kd3 g4 39. Kc4 Bd7
40. d5 Be8 41. Nc2 b5+ 42. Kd4 Bd7 43. Ne3 Bc8 44. Nd1 Bd7 45. Nc3 Be8 46. Nd1
Bf7 47. Ne3 Bg6 48. Nc2 Bf7 49. Ne3 Bg6 50. Kd3 Kc5 51. Kc3 Bh7 52. Kb3 Bg6 53.
Kc3 1/2-1/2

[Event "XLIV Festival A"]
[Site "Imperia ITA"]
[Date "2002.09.02"]
[Round "2"]
[White "Faraci, Antonino"]
[Black "Johnsen, Sverre"]
[WhiteElo "2087"]
[BlackElo "2163"]
[Result "0-1"]
[PlyCount "84"]
[EventDate "2002.09.01"]

1. e4 d6 2. d4 Nf6 3. Nc3 Nbd7 4. Be3 e5 5. d5 Be7 6. Bd3 c6 7. h3 Qa5 8. Bd2
Qc7 9. Qf3 Nc5 10. Nge2 a6 11. g4 cxd5 12. exd5 b5 13. b4 Nxd3+ 14. cxd3 h5 15.
g5 Nh7 16. Rg1 Qd7 17. h4 Nf8 18. Ne4 Ng6 19. Qh1 Bb7 20. N2c3 Rc8 21. Qh2 Qf5
22. Ke2 Nf4+ 23. Bxf4 exf4 24. Qg2 O-O 25. Qf3 Qe5 26. Rgc1 f5 27. gxf6 Bxf6
28. Kf1 Bxh4 29. d4 Qe7 30. Qxh5 Bf6 31. Re1 Qd7 32. Ne2 f3 33. Nf4 Bxd4 34.
Ng6 Rf5 35. Ng5 Rxg5 36. Qxg5 Qh3+ 37. Kg1 Bxf2+ 38. Kxf2 Rc2+ 39. Ke3 f2+ 40.
Kf4 Rc4+ 41. Re4 f1=Q+ 42. Rxf1 Qxf1+ 0-1

[Event "XLIV Festival A"]
[Site "Imperia ITA"]
[Date "2002.09.02"]
[Round "2"]
[White "Jirovsky, Milos"]
[Black "Krouzel, Jaroslav"]
[WhiteElo "2464"]
[BlackElo "2220"]
[Result "1-0"]
[PlyCount "33"]
[EventDate "2002.09.01"]

1. d4 f5 2. Nc3 d5 3. Bg5 c6 4. Qd3 Qb6 5. O-O-O Na6 6. f3 h6 7. Bf4 Nb4 8. Qd2
Nf6 9. Nh3 e6 10. a3 Na6 11. e4 Qa5 12. Kb1 Kf7 13. exf5 exf5 14. Nf2 Be7 15.
Nd3 Rf8 16. Ne5+ Kg8 17. Nxd5 1-0

[Event "XLIV Festival A"]
[Site "Imperia ITA"]
[Date "2002.09.02"]
[Round "2"]
[White "Kljako, Damir"]
[Black "Diana, Riccardo"]
[WhiteElo "2263"]
[BlackElo "2134"]
[Result "1-0"]
[PlyCount "77"]
[EventDate "2002.09.01"]

1. d4 d5 2. Nf3 Nf6 3. c4 c6 4. Nc3 dxc4 5. a4 Bf5 6. e3 e6 7. Bxc4 Bb4 8. O-O
Nbd7 9. h3 h6 10. Qe2 Bh7 11. Bd3 Bxd3 12. Qxd3 O-O 13. Rd1 a5 14. e4 Qc7 15.
Be3 Rad8 16. Qc2 Rc8 17. Rac1 Rfd8 18. Ne2 Nf8 19. Ne5 Qe7 20. Nd3 N8d7 21.
Nxb4 axb4 22. f3 Nb8 23. Nf4 Na6 24. Nd3 Ne8 25. Qb3 Kh7 26. Nc5 e5 27. Nxa6
bxa6 28. dxe5 Rxd1+ 29. Rxd1 Qxe5 30. Qxf7 Rc7 31. Qb3 a5 32. Qc2 Kh8 33. Rd8
Qe7 34. Qd3 c5 35. b3 Kh7 36. e5+ g6 37. f4 Ng7 38. Qd5 Ne6 39. Rd6 1-0

[Event "XLIV Festival A"]
[Site "Imperia ITA"]
[Date "2002.09.02"]
[Round "2"]
[White "Kozak, Milos"]
[Black "Delchev, Aleksander"]
[WhiteElo "2215"]
[BlackElo "2557"]
[Result "1-0"]
[PlyCount "84"]
[EventDate "2002.09.01"]

1. d4 Nf6 2. c4 g6 3. Nc3 Bg7 4. e4 d6 5. Nf3 O-O 6. Be2 e5 7. O-O Nc6 8. d5
Ne7 9. b4 Nh5 10. c5 h6 11. Re1 f5 12. Nd2 Nf6 13. f3 f4 14. a4 g5 15. Ba3 Ng6
16. a5 h5 17. b5 g4 18. Nc4 Ne8 19. b6 Nh4 20. Bf1 Qg5 21. Kh1 Rf6 22. Qd3 Rg6
23. Ne2 Nf6 24. cxd6 gxf3 25. gxf3 Nxf3 26. Qxf3 Bg4 27. Ng1 Bxf3+ 28. Nxf3 Qh6
29. bxc7 Nd7 30. Rab1 Bf8 31. Bh3 Bxd6 32. Bxd7 Bxc7 33. Rxb7 Bd8 34. Ncxe5 Rg7
35. Be6+ Kh7 36. Rxg7+ Qxg7 37. Rg1 Qb7 38. Bf5+ Kh8 39. Ng6+ Kh7 40. Nxf4+ Kh8
41. Ng6+ Kh7 42. Nf8+ Kh6 1-0

[Event "XLIV Festival A"]
[Site "Imperia ITA"]
[Date "2002.09.02"]
[Round "2"]
[White "Mazzariol, Oscar"]
[Black "Sulava, Nenad"]
[WhiteElo "2151"]
[BlackElo "2556"]
[Result "0-1"]
[PlyCount "34"]
[EventDate "2002.09.01"]

1. d4 Nf6 2. Nf3 e6 3. g3 c5 4. Bg2 cxd4 5. Nxd4 d5 6. O-O e5 7. Nf3 Nc6 8. c4
d4 9. Qa4 Bd7 10. e3 Bc5 11. Re1 O-O 12. a3 e4 13. Ne5 Re8 14. exd4 Nxd4 15.
Qd1 Bg4 16. Qa4 Ne2+ 17. Kf1 Qd4 0-1

[Event "XLIV Festival A"]
[Site "Imperia ITA"]
[Date "2002.09.02"]
[Round "2"]
[White "Mozny, Milos"]
[Black "Basso, Fabrice"]
[WhiteElo "2394"]
[BlackElo "2207"]
[Result "1/2-1/2"]
[PlyCount "54"]
[EventDate "2002.09.01"]

1. d4 Nf6 2. Nf3 g6 3. c4 c5 4. Nc3 cxd4 5. Nxd4 Bg7 6. g3 d5 7. Nf3 Qa5 8.
cxd5 Nxd5 9. Bd2 Nxc3 10. Qc1 O-O 11. Bxc3 Bxc3+ 12. bxc3 Bf5 13. Bg2 Nc6 14.
O-O Rac8 15. Qe3 Rfd8 16. Nd4 Nxd4 17. cxd4 Rd7 18. Qf4 Qb4 19. e3 b6 20. h4 h5
21. Rfc1 Bc2 22. Be4 Rdc7 23. Bxc2 Rxc2 24. Rxc2 Rxc2 25. Qb8+ Kg7 26. Qxa7 b5
27. Rf1 e6 1/2-1/2

[Event "XLIV Festival A"]
[Site "Imperia ITA"]
[Date "2002.09.02"]
[Round "2"]
[White "Spinelli, Doriano"]
[Black "Payen, Arnaud"]
[WhiteElo "2161"]
[BlackElo "2359"]
[Result "0-1"]
[PlyCount "100"]
[EventDate "2002.09.01"]

1. e4 Nf6 2. e5 Nd5 3. d4 d6 4. Be2 c6 5. Nf3 dxe5 6. Nxe5 Nd7 7. Nd3 g6 8. Nd2
Bg7 9. Nf3 c5 10. c3 cxd4 11. cxd4 Qa5+ 12. Bd2 Qb6 13. O-O O-O 14. Qa4 Qd6 15.
Nb4 N7b6 16. Qa5 Be6 17. Rac1 Rfd8 18. Nd3 Bg4 19. Nc5 Qb8 20. Nb3 Nf6 21. h3
Bf5 22. Ne5 Nbd5 23. g4 Be6 24. Bf3 Qd6 25. Rc2 a6 26. Nc4 Qb8 27. g5 Nh5 28.
Nb6 Nxb6 29. Qxb6 Bxb3 30. Qxb3 Bxd4 31. Kg2 Nf4+ 32. Kh1 Qe5 33. Re1 Qxg5 34.
Bxf4 Qxf4 35. Re4 Qf5 36. Rxe7 Qxh3+ 37. Kg1 Rf8 38. Rcc7 Qg3+ 39. Kh1 Qh4+ 40.
Kg2 Qxf2+ 41. Kh3 Qf1+ 42. Kg3 Qg1+ 43. Kh3 Qf1+ 44. Kg3 Kh8 45. Qd5 Qf2+ 46.
Kh3 Qf1+ 47. Kg3 Bf2+ 48. Kf4 Qh3 49. Rxf7 Qh6+ 50. Ke4 Qe3# 0-1

[Event "XLIV Festival A"]
[Site "Imperia ITA"]
[Date "2002.09.02"]
[Round "2"]
[White "Van Hoolandt, Patrick"]
[Black "Biolek, Richard sr"]
[WhiteElo "2163"]
[BlackElo "2434"]
[Result "1/2-1/2"]
[PlyCount "63"]
[EventDate "2002.09.01"]

1. c4 e5 2. g3 Nf6 3. Bg2 d5 4. cxd5 Nxd5 5. Nc3 Nb6 6. Nf3 Nc6 7. O-O Be7 8.
a3 O-O 9. b4 Be6 10. Rb1 f6 11. d3 a5 12. b5 Nd4 13. Nd2 a4 14. Bxb7 Ra7 15.
Bg2 Qd7 16. Nc4 Rb8 17. e3 Nb3 18. Bc6 Qd8 19. Nxb6 cxb6 20. Nxa4 Nxc1 21. Rxc1
Bxa3 22. Ra1 Bf8 23. Nb2 Ra3 24. Qc2 Qe7 25. Nc4 Rxa1 26. Rxa1 Qc5 27. Rc1 Rd8
28. Qb1 g6 29. Nd2 Qa3 30. Nc4 Qc5 31. Nd2 Qa3 32. Nc4 1/2-1/2

[Event "XLIV Festival A"]
[Site "Imperia ITA"]
[Date "2002.09.02"]
[Round "2"]
[White "Vrana, Frantisek"]
[Black "Riccio, Eros"]
[WhiteElo "2359"]
[BlackElo "2199"]
[Result "1-0"]
[PlyCount "81"]
[EventDate "2002.09.01"]

1. e4 c5 2. Nf3 d6 3. g3 Nc6 4. Bg2 Nf6 5. Nc3 g6 6. d4 cxd4 7. Nxd4 Nxd4 8.
Qxd4 Bg7 9. O-O O-O 10. a4 Qa5 11. Qd1 Bg4 12. f3 Be6 13. f4 Qc5+ 14. Kh1 Ng4
15. Qf3 Bc4 16. Ne2 Qh5 17. h3 Nf6 18. g4 Nxg4 19. Ng3 Qc5 20. hxg4 Bxf1 21.
Nxf1 Qxc2 22. Ne3 Qc5 23. Nd5 e6 24. Ne7+ Kh8 25. f5 Bf6 26. Bh6 Qc7 27. g5
Bxe7 28. f6 Rfe8 29. fxe7 Qxe7 30. Rf1 Kg8 31. Qc3 e5 32. Bh3 b6 33. Qc6 Rab8
34. b4 b5 35. axb5 Qb7 36. Rd1 Qxb5 37. Qxb5 Rxb5 38. Bd7 Rbb8 39. Bxe8 Rxe8
40. Rxd6 Rb8 41. Rd7 1-0

[Event "XLIV Festival A"]
[Site "Imperia ITA"]
[Date "2002.09.02"]
[Round "2"]
[White "Wagman, Stuart"]
[Black "Djingarova, Emilia"]
[WhiteElo "2150"]
[BlackElo "2292"]
[Result "0-1"]
[PlyCount "54"]
[EventDate "2002.09.01"]

1. e4 c5 2. Nf3 e6 3. d4 cxd4 4. Nxd4 Nc6 5. Nc3 Qc7 6. g3 a6 7. Bg2 Nf6 8. O-O
Be7 9. Re1 O-O 10. Nxc6 dxc6 11. e5 Rd8 12. Qe2 Nd5 13. Ne4 Qxe5 14. c4 Nb4 15.
Rd1 Rxd1+ 16. Qxd1 c5 17. Qa4 Nc6 18. Bf4 Qxb2 19. Rd1 e5 20. Rd2 Qb4 21. Qxb4
cxb4 22. Be3 Be6 23. c5 Na5 24. Nd6 Bxd6 25. cxd6 Nc4 26. Bxb7 Rb8 27. d7 Nxd2
0-1

[Event "XLIV Festival A"]
[Site "Imperia ITA"]
[Date "2002.09.03"]
[Round "3"]
[White "Astengo, Marcello"]
[Black "Arata, Roberto Mario"]
[WhiteElo "2124"]
[BlackElo "2145"]
[Result "0-1"]
[PlyCount "69"]
[EventDate "2002.09.01"]

1. d4 d5 2. Nf3 Nf6 3. Bf4 c5 4. c3 e6 5. e3 Be7 6. Bd3 Nc6 7. Nbd2 b6 8. Ne5
Nxe5 9. dxe5 Nd7 10. O-O O-O 11. Qc2 g6 12. Rad1 Re8 13. Nf3 Nf8 14. Rd2 Bb7
15. Rfd1 Qc8 16. Bg5 Qc7 17. Bf4 Bc6 18. c4 Qb7 19. Be2 Red8 20. Ne1 Rd7 21.
Bf3 Rad8 22. h3 b5 23. b3 Qa6 24. Be2 bxc4 25. Qc3 Qa3 26. Nc2 Qxa2 27. bxc4
dxc4 28. Bxc4 Rxd2 29. Bxa2 Rxd1+ 30. Kh2 g5 31. Bg3 Rc1 32. Qb2 Rdd1 33. Bf4
gxf4 34. exf4 Bh4 35. Ne3 0-1

[Event "XLIV Festival A"]
[Site "Imperia ITA"]
[Date "2002.09.03"]
[Round "3"]
[White "Basso, Fabrice"]
[Black "Di Paolo, Raffaele"]
[WhiteElo "2207"]
[BlackElo "2319"]
[Result "0-1"]
[PlyCount "68"]
[EventDate "2002.09.01"]

1. e4 c5 2. Nf3 Nc6 3. d4 cxd4 4. Nxd4 e5 5. Nb5 d6 6. N1c3 a6 7. Na3 b5 8. Nd5
Be7 9. c3 Nf6 10. Nxf6+ Bxf6 11. g3 O-O 12. Bg2 Be6 13. O-O b4 14. Qa4 bxa3 15.
Qxc6 Rc8 16. Qa4 axb2 17. Bxb2 Qb6 18. Rfb1 Rc4 19. Qc2 Qc6 20. Re1 Bd8 21. a4
Ba5 22. Bf1 Rc5 23. Re3 Rb8 24. Rc1 Rb3 25. c4 Rxe3 26. fxe3 Bb4 27. Qb3 a5 28.
Qc2 h6 29. Kf2 Bc8 30. Kg1 Bb7 31. Bd3 f5 32. Rf1 fxe4 33. Qf2 Qe8 34. Be2 Bc8
0-1

[Event "XLIV Festival A"]
[Site "Imperia ITA"]
[Date "2002.09.03"]
[Round "3"]
[White "Biolek, Richard sr"]
[Black "Cugini, Verter"]
[WhiteElo "2434"]
[BlackElo "2231"]
[Result "1-0"]
[PlyCount "93"]
[EventDate "2002.09.01"]

1. d4 d6 2. e4 Nf6 3. Nc3 g6 4. Be2 Bg7 5. Be3 c6 6. a4 Qa5 7. Qd2 b5 8. f3 b4
9. Nd1 Ba6 10. Bh6 Bxh6 11. Qxh6 Nbd7 12. Bxa6 Qxa6 13. Ne2 c5 14. d5 Ne5 15.
Qd2 b3 16. c3 Nd3+ 17. Kf1 Ne5 18. Kf2 Nd3+ 19. Kg1 Ne5 20. Nf2 h5 21. h3 g5
22. h4 gxh4 23. Rxh4 O-O-O 24. Nf4 Rdg8 25. Rh3 Kd7 26. N2d3 Nxd3 27. Nxd3 c4
28. Nf4 Qb6+ 29. Kf1 h4 30. a5 Qc5 31. Qf2 Qxf2+ 32. Kxf2 e5 33. Ne2 Ke7 34.
Ra4 Rc8 35. Rb4 Rc7 36. Rh1 Nd7 37. Ke3 Kf6 38. g3 Kg5 39. Ra4 Rh6 40. Raa1
hxg3 41. Rxh6 Kxh6 42. Nxg3 Nc5 43. Nf5+ Kg5 44. Nxd6 Nb7 45. Rg1+ Kh5 46. Nxb7
Rxb7 47. f4 1-0